| 000 | 00988cam a2200301 i 4500 | ||
|---|---|---|---|
| 001 | 200447820 | ||
| 999 |
_c200447820 _d66032 |
||
| 003 | TR-AnTOB | ||
| 005 | 20260313164914.0 | ||
| 007 | ta | ||
| 008 | 220301s2004 tu 000 0 tur d | ||
| 040 |
_aTR-AnTOB _beng _erda _cTR-AnTOB _dTR-AnTOB |
||
| 041 | _atur | ||
| 050 | 1 | 4 |
_bLC3993 _a.B46 2004 |
| 090 |
_aTOBBK LC3993 _b.B46 2004 |
||
| 100 | 1 |
_aŞirin, Mustafa Ruhi, _d1955- _933466 |
|
| 245 |
_aBence, biz üstün yetenekli çocuk görüşleri kitabı: 1. Türkiye _bÜstün Yetenekli Çocuklar Kongresi/ _cHazırlayan M. R. şirin. |
||
| 264 | 1 |
_aıstanbul : _bÇocuk Vakfı _c2004. |
|
| 300 |
_a148 pages ; _c27 cm |
||
| 336 |
_2rdacontent _atext _btxt |
||
| 337 |
_2rdamedia _aunmediated _bn |
||
| 338 |
_2rdacarrier _avolume _bnc |
||
| 653 | _aÜstün zeka | ||
| 653 | _a Üstün yetenekli çocuklar | ||
| 653 | _aEğitim-Üstün yetenekli çocuklar | ||
| 942 |
_2lcc _cBK |
||